Critical appraisal of prognostic factors for transobturator tape implantation
Ciele štúdie. Implantácia TOT (transobturator tape) ženám. Snaha objaviť dôležité a nezávislé prognostické faktory TOT implantácie. Štúdia, materiály a metódy. Výsledky. Interpretácia výsledkov. Záverečná poznámka.
Saved in:
| Main Author: | |
|---|---|
| Other Authors: | , , , , |
| Format: | Book Chapter |
| Language: | English |
| Subjects: | |
| Tags: |
No Tags, Be the first to tag this record!
|
MARC
| LEADER | 00000nla$a2200000$$$4500 | ||
|---|---|---|---|
| 001 | 0105643 | ||
| 005 | 20240502083251.2 | ||
| 041 | 0 | |a eng | |
| 044 | |a US | ||
| 245 | 1 | 0 | |a Critical appraisal of prognostic factors for transobturator tape implantation |c Martin Romančík, P. Weibl, Viera Labudová, Ivan Lutter, Frederico Goncalves, J. Obšitník |
| 520 | |a Ciele štúdie. Implantácia TOT (transobturator tape) ženám. Snaha objaviť dôležité a nezávislé prognostické faktory TOT implantácie. Štúdia, materiály a metódy. Výsledky. Interpretácia výsledkov. Záverečná poznámka. | ||
| 610 | 2 | 0 | |a medicína |
| 610 | 2 | 0 | |a prístroje |
| 610 | 2 | 0 | |a ženy |
| 610 | 2 | 0 | |a štúdie |
| 610 | 2 | 0 | |a metódy |
| 610 | 2 | 0 | |a regresia |
| 100 | 1 | |a Romančík, Martin | |
| 700 | 1 | |a Weibl, P. | |
| 700 | 1 | |a Labudová, Viera, 1958- | |
| 700 | 1 | |a Lutter, Ivan | |
| 700 | 1 | |a Goncalves, Frederico | |
| 700 | 1 | |a Obšitník, J. | |